| 000 | 00693nam a2200217Ia 4500 | ||
|---|---|---|---|
| 003 | OSt | ||
| 005 | 20240726145829.0 | ||
| 008 | 210719s2003 xx 000 0 und d | ||
| 040 | _cAL | ||
| 041 | _aKannada | ||
| 082 | _a305.895487K SHEB | ||
| 100 |
_aSHETTI (S D) Ed _dಶೆಟ್ಟಿ (ಎಸ್ ಡಿ) _9174186 |
||
| 245 |
_aBeltangadi parisarada janangiya adhyayana _bಬೆಳ್ತಂಗಡಿ ಪರಿಸರದ ಜನಾಂಗೀಯ ಅಧ್ಯಯನ |
||
| 260 |
_aUjire _c2003 |
||
| 300 |
_a62 _bPB |
||
| 365 |
_b15 _cRs |
||
| 650 |
_aSocial Groups _9174187 |
||
| 650 |
_aSociology _9174188 |
||
| 906 | _aadhyayana ; Beltangadi ; janangiya ; parisarada | ||
| 942 |
_2ddc _cBK |
||
| 999 |
_c214583 _d214583 |
||